Statistics for Most Common Official Languages

Click here to take the quiz!

General Stats

  • This quiz has been taken 107 times
  • The average score is 14 of 19

Answer Stats

CountriesLanguage% Correct
59English
100%
21Spanish
100%
29French
99%
27Arabic
98%
6German
98%
9Portuguese
97%
4Russian
95%
4Italian
90%
3Dutch
81%
3Chinese
80%
5Swahili
67%
3Turkish
66%
4Malay based
63%
5Serbo-Croatian
60%
3Persian
57%
3Romanian
38%
3Tamil
38%
5Berber
36%
3Quechua
32%

Score Distribution

Percentile by Number Answered

Percent of People with Each Score

Your Score History

You have not taken this quiz